Management : (Record no. 1604)
[ view plain ]
| 000 -LEADER | |
|---|---|
| fixed length control field | 00935cam a2200157 a 4500 |
| 020 ## - INTERNATIONAL STANDARD BOOK NUMBER | |
| ISBN | 9780073377018 |
| 050 ## - CALL NUMBER | |
| Classification number | HD31 |
| Item number | .G47 |
| 100 ## - AUTHOR | |
| Personal name | Ghillyer, Andrew. |
| 245 ## - TITLE | |
| Title | Management : |
| Remainder of title | a real world approach / |
| Statement of responsibility, etc | Andrew Ghillyer. |
| 260 ## - PUBLICATION INFORMATION | |
| Place of publication | Boston : |
| Name of publisher | McGraw Hill, |
| Year of publication | 2009. |
| 300 ## - DESCRIPTION | |
| Number of Pages | xxx, 463 p. : |
| Other physical details | ill. (chiefly col.) ; . |
| Dimensions | 26 cm. |
| 500 ## - NOTES | |
| General note | Includes index. |
| 505 ## - FORMATTED CONTENTS NOTE | |
| Table of Content | Chapter 1. Foundations, <br/>Chapter 2. A brief history of management, <br/>Chapter 3. Communication skills, <br/>Chapter 4. Decision making skills, <br/>Chapter 5. Planning and strategic management, <br/>Chapter 6. Leadership and culture, <br/>Chapter 7. Organizing work, <br/>Chapter 8. Organizing structure, <br/>Chapter 9. Organizing people, <br/>Chapter 10. motivating people, <br/>Chapter 11. management control, <br/>Chapter 12. operations control<br/>Chapter 13. contemporary issues<br/>Chapter 14. management in the 21st century |
| 650 ## - SUBJECTS | |
| Topical Term | Management. |
| 942 ## - ADDED ENTRY ELEMENTS (KOHA) | |
| Koha item type | Books |
| Withdrawn status | Lost status | Home library | Current library | Date acquired | Full call number | Accession Number | Koha item type | Shelving location | Collection code |
|---|---|---|---|---|---|---|---|---|---|
| Methodist University Library Main | Methodist University Library Main | 02/11/2010 | HD31.G47 | 34243 | Books | General Stacks | |||
| Methodist University Library Main | Methodist University Library Main | 02/11/2010 | HD31.G47 | 34244 | Books | General Stacks | |||
| Methodist University Library Main | Methodist University Library Main | 02/11/2010 | HD31.G47 | 34245 | Books | General Stacks | |||
| Methodist University Library Main | Methodist University Library Main | 02/11/2010 | HD31.G47 | 34246 | Books | General Stacks | |||
| Methodist University Library Main | Methodist University Library Main | 02/11/2010 | HD31.G47 | 34248 | Books | General Stacks | |||
| Methodist University Library Main | Methodist University Library Main | HD31 .G47 | 34247 | Books | General Stacks | Reference | |||
| Methodist University Library Tema | Methodist University Library Tema | 13/11/2011 | HD31 .G47 | 34251 | Books | ||||
| Methodist University Library Tema | Methodist University Library Tema | 13/11/2011 | HD31.G47 | 34252 | Books |